{"text_format":"3","workbook":"xlsx","n_sheets":3,"sheets":["Sheet1","Sheet2","Sheet3"],"read":"whole","date_system":"1900"}

{"sheet":"Sheet1","index":0,"n_rows":44,"n_cols":11,"rows_kept":44,"merged":[[0,0,1,10],[3,10,41,10],[43,0,53,10]]}
["山东玲珑英城医院防火门招标报价表"]
[]
["序号","物资名称","规格型号","单位","数量","备注","每樘面积\n（平方米）","总面积\n（平方米）","单价\n（元/平方米）","合计\n（元）","备注"]
[1,"FM丙0618","600*1800","樘",105,"木质丙级防火门\n（门洞距地300）",{"$f":"0.6*1.8","v":1.08},{"$f":"G4*E4","v":113.4},null,null,"甲级防火门耐火极限1.5h\n乙级防火门耐火极限1.0h\n丙级防火门耐火极限0.5h\n乙级防火窗耐火极限1.0h\n防火门、防火窗必须使用在消防部门备案的产品，负责产品检测并通过消防验收"]
[2,"FM丙0821","800*2100","樘",1,"木质丙级防火门\n（门洞距地300）",{"$f":"0.8*2.1","v":1.6800000000000002},{"$f":"G5*E5","v":1.6800000000000002}]
[3,"FM丙1021","1000*2100","樘",17,"木质丙级防火门\n（门洞距地300）",{"$f":"1*2.1","v":2.1},35.7]
[4,"FM丙1821","1800*2100","樘",17,"木质丙级防火门\n（门洞距地300）",{"$f":"1.8*2.1","v":3.7800000000000002},64.26]
[5,"FM乙1021","1000*2100","樘",1,"钢木质乙级防火门",{"$f":"1*2.1","v":2.1},2.1]
[6,"FM乙1023","1000*2300","樘",40,"木质乙级防火门",{"$f":"1*2.3","v":2.3},92]
[7,"FM乙1023","1000*2300","樘",3,"木质乙级防火门；\n内视窗尺寸850*200",{"$f":"1*2.3","v":2.3},6.8999999999999995]
[8,"FM乙1024","1000*2400","樘",10,"木质乙级防火门；\n内视窗尺寸850*200",{"$f":"1*2.4","v":2.4},24]
[9,"FM乙1321","1300*2100","樘",2,"木质乙级防火门",{"$f":"1.3*2.1","v":2.7300000000000004},5.460000000000001]
[10,"FM乙1523","1500*2300","樘",11,"钢木质乙级防火门",{"$f":"1.5*2.3","v":3.4499999999999997},37.949999999999996]
[11,"FM乙1523","1500*2300","樘",22,"木质乙级防火门",{"$f":"1.5*2.3","v":3.4499999999999997},75.89999999999999]
[12,"FM乙1523","1500*2300","樘",23,"木质乙级防火门；\n内视窗尺寸850*200",{"$f":"1.5*2.3","v":3.4499999999999997},79.35]
[13,"FM乙1823","1800*2300","樘",5,"钢木质乙级防火门",{"$f":"1.8*2.3","v":4.14},20.7]
[14,"FM乙1823","1800*2300","樘",30,"木质乙级防火门；\n内视窗尺寸850*200",{"$f":"1.8*2.3","v":4.14},{"$f":"G17*E17","v":124.19999999999999}]
[15,"FM乙1221","1200*2100","樘",1,"木质乙级防火门；\n内视窗尺寸850*200",{"$f":"1.2*2.1","v":2.52},2.52]
[16,"FM乙1521","1500*2100","樘",3,"钢木质乙级防火门",{"$f":"1.5*2.1","v":3.1500000000000004},9.450000000000001]
[17,"FM乙1521","1500*2100","樘",15,"木质乙级防火门；\n内视窗尺寸850*200",{"$f":"1.5*2.1","v":3.1500000000000004},47.25000000000001]
[18,"GFM甲1521","1500*2100","樘",5,"木质甲级防火门",{"$f":"1.5*2.1","v":3.1500000000000004},15.750000000000002]
[19,"FM甲0621","600*2100","樘",1,"钢木质甲级防火门",{"$f":"0.6*2.1","v":1.26},1.26]
[20,"FM甲0621","600*2100","樘",16,"木质甲级防火门",{"$f":"0.6*2.1","v":1.26},20.16]
[21,"FM甲1021","1000*2100","樘",19,"钢木质甲级防火门",{"$f":"1*2.1","v":2.1},39.9]
[22,"FM甲1021","1000*2100","樘",31,"木质甲级防火门",{"$f":"1*2.1","v":2.1},65.10000000000001]
[23,"FM甲1023","1000*2300","樘",3,"钢木质甲级防火门",{"$f":"1*2.3","v":2.3},6.8999999999999995]
[24,"FM甲1523","1500*2300","樘",13,"钢木质甲级防火门",{"$f":"1.5*2.3","v":3.4499999999999997},44.849999999999994]
[25,"FM甲1523","1500*2300","樘",14,"木质甲级防火门；\n内视窗尺寸850*200",{"$f":"1.5*2.3","v":3.4499999999999997},48.3]
[26,"FM甲1821","1800*2100","樘",3,"钢木质甲级防火门",{"$f":"1.8*2.1","v":3.7800000000000002},11.34]
[27,"FM甲1823","1800*2300","樘",14,"木质甲级防火门；\n内视窗尺寸850*200",{"$f":"1.8*2.3","v":4.14},57.959999999999994]
[28,"FM甲2023","2000*2300","樘",13,"钢木质甲级防火门",{"$f":"2*2.3","v":4.6},59.8]
[29,"GFM甲1021","1000*2100","樘",1,"木质甲级防火门",{"$f":"1*2.1","v":2.1},2.1]
[30,"GFM甲1523","1500*2300","樘",5,"钢木质甲级防火门",{"$f":"1.5*2.3","v":3.4499999999999997},17.25]
[31,"GFM甲1523","1500*2300","樘",28,"木质甲级防火门",{"$f":"1.5*2.3","v":3.4499999999999997},96.6]
[32,"FC乙1215","1200*1500","樘",1,"钢制乙级防火窗",{"$f":"1.2*1.5","v":1.7999999999999998},1.7999999999999998]
[33,"FC乙1522","1500*2200","樘",16,"钢制乙级防火窗",{"$f":"1.5*2.2","v":3.3000000000000003},52.800000000000004]
[34,"FC乙1525","1500*2500","樘",2,"钢制乙级防火窗",{"$f":"1.5*2.5","v":3.75},7.5]
[35,"FC乙1528","1500*2800","樘",4,"钢制乙级防火窗",{"$f":"1.5*2.8","v":4.199999999999999},16.799999999999997]
[36,"FC乙3228","3200*2800","樘",1,"钢制乙级防火窗",{"$f":"3.2*2.8","v":8.959999999999999},8.959999999999999]
[37,"FC乙3230","3200*3000","樘",1,"钢制乙级防火窗",{"$f":"3.2*3","v":9.600000000000001},9.600000000000001]
[38,"FC乙3233","3200*3300","樘",1,"钢制乙级防火窗",{"$f":"3.2*3.3","v":10.56},10.56]
[39,"FHJLM7038","7000*3800","樘",1,"双轨双帘无机布特级防火卷帘",{"$f":"7*3.8","v":26.599999999999998},26.599999999999998]
[{"$nulls":7},{"$f":"SUM(H4:H42)","v":1364.7099999999994}]
["1、在招标过程中，所有参与项目的竞标方必须根据技术要求提供样品物业公司封样，同时提供样品门同时提供不小于400mm*400mm切角（门框、门扇）样品要求能展示出详细的内部构造，注明品牌、生产厂家、型号，锁具、合页、玻璃等，并注明品牌、生产厂家等。详情请咨询： 刘爱华18705356361。\n2、采用工程量清单报价，报价中包含材料费、人工费、机械费、运输费、安装费、管理费、利润、税金及项目检测验收费用等所有费用，不再支付其他任何费用。\n3、规格数量详见附件，中标后需现场测量按照现场实际供货，结算时单价不变，按项目实际数量按实结算。\n4、质量标准：严格按照国标防火级别要求要求，医院门表面处理保证不掉色，颜色同医院一期综合大楼病房门门颜色一样，款式及颜色均按照一期加工制作。防火卷帘严格按照国家标准及图纸要求制作，乙方积极配合消防联动调试并保证消防验收合格，价格中包含安装费、运输费，背运费、税票，检测费等一切费用。其它技术要求详见附件。\n5、按照甲方要求分批供货，签订合同后，首批20天加工完毕供货到工地现场，剩余按甲方工程进度及时供货到位。\n6、质量要求（保修期）：质量保修期自消防验收合格后交付使用之日起贰年，终身维修。保修期内，除因使用不当、人为所致及不可抗拒因素外，其他原因导致的损坏，乙方接到通知8小时内履行免费保修义务，乙方在规定时间内没有到现场维修，甲方可自行找人维修，所发生的一切费用和损失均由乙方承担。保修期过后乙方对本工程终身负责维护、维修只收取成本费。竞标单位必须在投标文件中有详细的售后服务体系，内容至少包括免费质量保证年限，售后服务人员配备情况、维修响应时间，质保期满后服务内容等。\n7、 付款方式：材料到达现场后，付至已到场材料金额的30%，安装完毕验收合格后付到工程总额的90%，剩余10%作为质保金，质保期满无质量问题一次性无息付清。采用商业承兑汇票付款，开具增值税普通发票。\n"]

{"sheet":"Sheet2","index":1,"n_rows":0,"n_cols":0,"rows_kept":0}

{"sheet":"Sheet3","index":2,"n_rows":0,"n_cols":0,"rows_kept":0}